| 000 | 00551nam a22001577a 4500 | ||
|---|---|---|---|
| 005 | 2012022903523.0 | ||
| 020 |
_a818435004X _c850.00 |
||
| 035 | _aB-217034 | ||
| 037 |
_aDPL _bENG |
||
| 100 |
_aYadav, K. P. _943238 |
||
| 245 |
_aMedia management / _cby K. P. Yadav |
||
| 260 |
_aNew Delhi _bAdhyayan Publishers and Distributors _c2006 |
||
| 300 |
_av, 368p. _c20 cms. |
||
| 942 |
_2ddc _cEN _h070.1065 _mYAD |
||
| 999 |
_c63613 _d63613 |
||